00522nam a22001697a 4500010001300000020001500013035001300028037001600041040001200057082001800069100001900087245009400106260004500200300002600245650003900271650004200310 aA-701825 a8170995329 aA-701825 aCen Lib/Ret aDPLbEN a338.1763bAGA aAgarwal, V. K. aProduction and marketing of poultry products in India :ba case study /cby V. K. Agarwal aNew Delhi ;bMittal Publicaitons :c1994 avi, 280p ; b24cm(Hb) aFarm produce -- Asia -- Marketing. aFarms, Small -- Asia -- Case studies.